Partizan Belgrade players (2010-2020) - Statistics

General Stats
  • This quiz has been taken 8 times
  • The average score is 62 of 163
Answer Stats
Rank Player Positions Nationality Matches Goals (assists) Period % Correct
64 Aleksandar Mitrović ST 28 13 (4) 2012-2014
88%
77 Bibras Natcho AM 22 8 (6) 2019-2020
88%
88 Lazar Pavlovic AM 17 0 (2) 2018-2020
88%
89 Milan Mitrovic CB 17 2 (0) 2017-2018
88%
5 Nemanja Miletic CB 85 5 (7) 2017-2020
88%
14 Nemanja Miletic LB 70 3 (9) 2016-2019
88%
45 Strahinja Pavlović CB 37 1 (2) 2018-2020
88%
11 Bojan Ostojic CB 75 3 (3) 2016-2020
75%
67 Branko Ilic CB 27 4 (1) 2014-2015
75%
123 Igor Vujacic CB 8 0 (0) 2019-2020
75%
22 Lazar Markovic RW 56 18 (12) 2010-2013, 2019-2020
75%
52 Leonardo LW 34 24 (9) 2016-2017
75%
15 Marko Jankovic CM 68 9 (17) 2016-2019
75%
43 Milos Ostojic CB 37 2 (1) 2011-2016
75%
137 Radisa Ilic GK 5 0 (0) 2010-2012
75%
48 Ricardo Gomes ST 36 20 (3) 2018-2019
75%
1 Sasa Ilic CM 210 25 (36) 2010-2019
75%
24 Sasa Markovic CM 53 6 (3) 2011-2015
75%
28 Seydouba Soumah AM 51 13 (6) 2017-2020
75%
49 Svetozar Markovic CB 36 2 (0) 2017-2019
75%
75 Takuma Asano RW 23 4 (4) 2019-2020
75%
2 Vladimir Stojkovic GK 163 1 (1) 2010-2014, 2017-2020
75%
41 Alen Stevanovic LW 37 5 (3) 2015-2017
63%
17 Andrija Zivkovic RW 63 17 (5) 2012-2016
63%
94 Cléo ST 14 8 (4) 2010-2011
63%
80 Dušan Vlahović ST 21 1 (1) 2015-2017
63%
60 Filip Stevanovic LW 29 7 (3) 2018-2020
63%
20 Ivan Ivanov CB 59 8 (2) 2011-2013
63%
124 Ivan Stevanovic RB 8 0 (1) 2010-2011
63%
32 Léandre Tawamba ST 48 14 (12) 2016-2018
63%
116 Marko Zivkovic RB 9 0 (1) 2012-2014
63%
112 Miladin Stevanovic CB 10 1 (0) 2014-2016
63%
131 Nemanja Stevanovic GK 6 0 (0) 2016-2017, 2019-2020
63%
47 Nikola Milenković CB 36 3 (1) 2015-2017
63%
13 Sasa Zdjelar DM 72 4 (6) 2017-2020
63%
31 Slobodan Urosevic LB 49 1 (5) 2017-2020
63%
73 Umar Sadiq ST 24 12 (13) 2019-2020
63%
51 Zivko Zivkovic GK 35 0 (0) 2010-2011, 2012-2016
63%
35 Aleksandar Scekic DM 44 3 (3) 2018-2020
50%
6 Danilo Pantic AM 81 12 (12) 2012-2015, 2017-2019
50%
25 Éverton Luiz DM 52 3 (2) 2015-2018
50%
27 Filip Kljajic GK 51 0 (0) 2015-2020
50%
42 Ivan Bandalovski CB 37 0 (2) 2014-2016
50%
57 Marc Valiente CB 31 0 (2) 2018-2019
50%
66 Petar Skuletic ST 28 21 (12) 2013-2015
50%
69 Saša Lukić DM 27 2 (1) 2014-2016
50%
84 Stefan Savic CB 20 1 (0) 2010-2011
50%
54 Uros Djurdjevic ST 34 27 (5) 2016-2018
50%
23 Zoran Tosic RW 55 20 (13) 2017-2020
50%
110 Aleksandar Subic LB 10 0 (0) 2015-2016
38%
111 Bojan Matic ST 10 3 (1) 2019-2020
38%
107 Cédric Gogoua CB 11 1 (0) 2015-2017
38%
70 Danko Lazovic CF 25 15 (6) 2013-2015
38%
8 Darko Brasanac CM 79 7 (10) 2010-2011, 2012-2017
38%
33 Djordje Ivanovic LW 47 12 (5) 2017-2020
38%
79 Djordje Jovanovic ST 21 4 (0) 2016-2018
38%
100 Fabrício CB 13 0 (2) 2015-2016
38%
85 Filip Malbasic RW 19 2 (0) 2013-2014
38%
61 Goran Zakaric RW 29 4 (4) 2018-2019
38%
40 Gregor Balazic CB 38 1 (0) 2014-2017
38%
145 Ivan Petrovic DM 2 0 (0) 2014-2016
38%
74 Lamine Diarra ST 23 11 (4) 2011-2012
38%
146 Ljubomir Fejsa DM 2 0 (0) 2010-2011
38%
12 Marko Jevtovic DM 73 8 (3) 2015-2018
38%
59 Marko Jovanovic CB 30 0 (0) 2010-2011, 2015-2016
38%
26 Medo DM 52 0 (5) 2010-2013
38%
78 Milan Obradovic RB 22 1 (0) 2013-2014
38%
81 Milan Radin DM 21 0 (1) 2016-2018
38%
4 Milan Smiljanic DM 85 2 (2) 2010-2013, 2018-2020
38%
50 Milos Jojic CM 35 10 (10) 2012-2014
38%
86 Miroslav Bogosavac LB 19 0 (0) 2015-2017
38%
127 Miroslav Radovic RW 7 2 (0) 2016-2017
38%
3 Miroslav Vulicevic RB 107 0 (16) 2013-2019
38%
82 Mladen Krstajic CB 21 1 (0) 2010-2011
38%
19 Nebojsa Kosovic CM 60 5 (4) 2015-2019
38%
63 Nemanja Nikolic ST 29 7 (8) 2018-2019
38%
53 Nemanja Petrovic LB 34 1 (3) 2013-2016
38%
46 Nikola Drincic DM 36 5 (8) 2013-2015
38%
97 Nikola Petrovic GK 14 0 (0) 2011-2013
38%
158 Perisa Pesukic RB 1 0 (0) 2019-2020
38%
36 Petar Grbic LW 43 3 (10) 2013-2016
38%
72 Radosav Petrovic CB 25 9 (3) 2010-2011
38%
104 Rajko Brezancic LB 12 1 (2) 2019-2020
38%
9 Stefan Babovic AM 77 17 (23) 2010-2012, 2014-2016
38%
143 Strahinja Jovanovic LW 3 0 (0) 2017-2018, 2019-2020
38%
10 Vladimir Volkov LB 76 8 (13) 2011-2015
38%
21 Vojislav Stankovic CB 59 1 (3) 2010-2015
38%
151 Yuriy Vakulko CM 2 0 (0) 2017-2018
38%
55 Zvonimir Vukic AM 34 16 (10) 2010-2012
38%
99 Aboubakar Oumarou ST 13 3 (1) 2015-2016
25%
18 Aleksandar Miljkovic CB 61 2 (8) 2010-2013
25%
152 Aleksandar Popovic GK 1 0 (0) 2019-2020
25%
121 Almami Moreira AM 8 4 (8) 2010-2011
25%
106 Branislav Trajkovic CB 11 0 (0) 2013-2014
25%
134 Dejan Babic RW 5 0 (0) 2011-2013
25%
90 Edu ST 16 4 (7) 2011-2012
25%
91 Ismaël Fofana ST 16 6 (0) 2013-2016
25%
56 Ivan Saponjic ST 32 7 (1) 2013-2016
25%
68 Ivica Iliev CF 27 13 (6) 2010-2011
25%
58 Lazar Cirkovic CB 30 0 (1) 2014-2018
25%
102 Marko Jovicic GK 12 0 (0) 2015-2016, 2017-2018
25%
34 Marko Scepovic ST 45 16 (12) 2010-2013
25%
62 Milan Lukac GK 29 0 (0) 2013-2015
25%
135 Mohamed El-Munir LB 5 0 (0) 2016-2018
25%
37 Nemanja Kojic ST 42 16 (9) 2012-2016
25%
38 Nemanja Mihajlović LW 40 8 (15) 2015-2018
25%
16 Nemanja Tomic LW 64 18 (13) 2010-2013
25%
125 Nenad Marinkovic AM 8 1 (0) 2014-2015
25%
101 Nikola Djurdjic ST 13 1 (2) 2016-2017
25%
103 Nikola Gulan DM 12 0 (0) 2013-2015
25%
7 Nikola Ninkovic AM 81 13 (21) 2011-2016
25%
149 Nikola Stulic ST 2 0 (0) 2019-2020
25%
118 Nikola Trujic ST 9 2 (4) 2015-2016
25%
44 Ognjen Ozegovic ST 37 12 (8) 2017-2020
25%
159 Petar Gigic ST 1 0 (0) 2019-2020
25%
128 Pierre Boya ST 7 3 (1) 2010-2011
25%
30 Predrag Luka AM 49 9 (3) 2012-2015
25%
113 Sasa Marjanovic DM 10 0 (4) 2016-2018
25%
161 Slobodan Stanojlovic ST 1 0 (0) 2019-2020
25%
98 Stefan Scepovic ST 14 7 (4) 2012-2013
25%
138 Uros Vitas CB 5 1 (0) 2019-2020
25%
144 Veljko Birmancevic LW 3 0 (0) 2015-2016
25%
119 Vladimir Jovancic ST 9 0 (0) 2011-2012
25%
114 Zlatan Sehovic LB 10 0 (0) 2018-2020
25%
93 Aleksandar Davidov LM 14 0 (0) 2010-2012
13%
39 Aleksandar Lazevski LB 38 1 (2) 2010-2013
13%
120 Aleksandar Lutovac RM 8 0 (3) 2019-2020
13%
153 Aleksandar Rankovic RB 1 0 (0) 2011-2012
13%
154 Anderson Marques CB 1 1 (0) 2011-2012
13%
76 Armin Djerlek AM 22 0 (1) 2017-2019
13%
87 Bojan Saranov GK 18 0 (0) 2015-2017
13%
133 Branko Pauljevic RB 5 0 (0) 2012-2013
13%
115 David Manga LW 9 1 (1) 2011-2012
13%
142 Dejan Georgijevic ST 3 0 (0) 2018-2019
13%
129 Dominic Adiyiah RW 6 0 (0) 2010-2011
13%
155 Dominik Dinga CB 1 0 (0) 2019-2020
13%
126 Eliomar CM 7 0 (0) 2012-2013
13%
108 Eric Djemba Djemba DM 11 0 (1) 2013-2014
13%
156 Filip Knezevic RW 1 0 (0) 2012-2013
13%
122 Gabriel Enache RB 8 2 (0) 2018-2019
13%
139 Goran Lovre CM 4 0 (0) 2012-2013
13%
95 Joseph Nestroy Kizito LB 14 0 (4) 2010-2011
13%
140 Luka Cucin RB 4 0 (2) 2017-2018
13%
96 Marko Golubovic LW 14 2 (1) 2015-2016
13%
130 Milos Bogunovic LW 6 1 (0) 2010-2011
13%
157 Milos Kukolj RW 1 0 (0) 2014-2015
13%
141 Mohamed Zaabia ST 4 1 (0) 2012-2013
13%
147 Moussa Njie LW 2 0 (0) 2018-2019
13%
109 Nemanja Antonov LB 11 0 (2) 2017-2018
13%
148 Nemanja Glavcic CM 2 0 (0) 2015-2016
13%
71 Nemanja Rnic CB 25 0 (0) 2011-2012
13%
83 Nikola Aksentijevic RB 21 1 (2) 2011-2014
13%
117 Nikola Lakcevic RW 9 0 (1) 2019-2020
13%
136 Nikola Lekovic CB 5 0 (0) 2015-2016
13%
65 Petar Djurickovic AM 28 2 (4) 2016-2018
13%
92 Prince Tagoe ST 15 9 (0) 2010-2011
13%
160 Sasa Ivkovic CB 1 0 (0) 2013-2014
13%
162 Sreten Sretenovic CB 1 0 (0) 2012-2013
13%
163 Stefan Ashkovski LM 1 0 (0) 2012-2013
13%
132 Theophilus Solomon ST 6 0 (0) 2017-2018
13%
105 Tomislav Pajovic CB 12 0 (1) 2012-2013
13%
29 Valeri Bozhinov ST 51 23 (13) 2015-2017
13%
150 Vladimir Djilas ST 2 0 (0) 2016-2017
13%
No matching quizzes found
Score Distribution
Percent of People with Each Score
Percentile by Number Answered
Your Score History
You have not taken this quiz